[Event "U-20 Pan-American Chess Championship Absolute 2022"]
[Site "(Pereira - Risaralda) Gran Hotel. Calle 19 # 9-19"]
[Date "2022.08.24"]
[Round "3"]
[Board "15"]
[White "Mayta Aiza, Vicmar"]
[Black "Bermudez Rojas, Alejandro"]
[Result "1-0"]
[WhiteElo "1627"]
[BlackElo "1138"]
[PlyCount "0"]
[EventDate "2022.08.23"]
[EventRounds "9"]
[EventCountry "COL"]

1. e4 {[%clk 01:29:33]} {[%emt 00:01:27]} e5 {[%clk 01:30:56]} {[%emt
00:00:05]} 2. Nf3 {[%clk 01:29:40]} {[%emt 00:00:22]} Nc6 {[%clk 01:31:21]}
{[%emt 00:00:05]} 3. Nc3 {[%clk 01:30:05]} {[%emt 00:00:05]} Nf6 {[%clk
01:31:46]} {[%emt 00:00:05]} 4. d4 {[%clk 01:30:32]} {[%emt 00:00:04]} exd4
{[%clk 01:32:04]} {[%emt 00:00:12]} 5. Nxd4 {[%clk 01:30:56]} {[%emt 00:00:05]}
Be7 {[%clk 01:31:37]} {[%emt 00:00:56]} 6. Be2 {[%clk 01:29:06]} {[%emt
00:02:21]} O-O {[%clk 01:31:54]} {[%emt 00:00:13]} 7. O-O {[%clk 01:29:30]}
{[%emt 00:00:05]} d6 {[%clk 01:32:18]} {[%emt 00:00:07]} 8. Bf4 {[%clk
01:27:43]} {[%emt 00:02:17]} Re8 {[%clk 01:31:58]} {[%emt 00:00:50]} 9. Bf3
{[%clk 01:25:48]} {[%emt 00:02:25]} Ne5 {[%clk 01:31:33]} {[%emt 00:00:56]} 10.
Be2 {[%clk 01:22:42]} {[%emt 00:03:36]} c5 {[%clk 01:30:16]} {[%emt 00:01:46]}
11. Nf3 {[%clk 01:23:01]} {[%emt 00:00:11]} Ng6 {[%clk 01:29:57]} {[%emt
00:00:48]} 12. Bg3 {[%clk 01:22:46]} {[%emt 00:00:46]} Be6 {[%clk 01:29:28]}
{[%emt 00:00:59]} 13. Bb5 {[%clk 01:22:24]} {[%emt 00:00:52]} Rf8 {[%clk
01:29:36]} {[%emt 00:00:21]} 14. Re1 {[%clk 01:19:24]} {[%emt 00:03:31]} a6
{[%clk 01:29:55]} {[%emt 00:00:11]} 15. Bf1 {[%clk 01:19:47]} {[%emt 00:00:07]}
Bg4 {[%clk 01:28:08]} {[%emt 00:02:17]} 16. h3 {[%clk 01:19:55]} {[%emt
00:00:21]} Be6 {[%clk 01:28:19]} {[%emt 00:00:20]} 17. Nd5 {[%clk 01:18:39]}
{[%emt 00:01:46]} Nxd5 {[%clk 01:27:35]} {[%emt 00:01:13]} 18. exd5 {[%clk
01:17:43]} {[%emt 00:01:27]} Bf5 {[%clk 01:27:57]} {[%emt 00:00:09]} 19. Bd3
{[%clk 01:18:02]} {[%emt 00:00:10]} Bxd3 {[%clk 01:27:16]} {[%emt 00:01:11]} 20.
Qxd3 {[%clk 01:18:27]} {[%emt 00:00:04]} Bf6 {[%clk 01:27:09]} {[%emt
00:00:37]} 21. Rab1 {[%clk 01:17:07]} {[%emt 00:01:51]} Qa5 {[%clk 01:27:01]}
{[%emt 00:00:37]} 22. a3 {[%clk 01:16:18]} {[%emt 00:01:21]} Rad8 {[%clk
01:27:04]} {[%emt 00:00:25]} 23. b4 {[%clk 01:16:07]} {[%emt 00:00:42]} Qb6
{[%clk 01:25:56]} {[%emt 00:01:38]} 24. bxc5 {[%clk 01:15:32]} {[%emt
00:01:06]} Qxc5 {[%clk 01:26:08]} {[%emt 00:00:17]} 25. Rxb7 {[%clk 01:15:05]}
{[%emt 00:00:57]} Rfe8 {[%clk 01:25:35]} {[%emt 00:01:02]} 26. Rxe8+ {[%clk
01:10:17]} {[%emt 00:05:19]} Rxe8 {[%clk 01:25:50]} {[%emt 00:00:15]} 27. Qb3
{[%clk 01:10:18]} {[%emt 00:00:29]} h6 {[%clk 01:25:12]} {[%emt 00:01:08]} 28.
Rb8 {[%clk 01:10:22]} {[%emt 00:00:27]} Rxb8 {[%clk 01:25:10]} {[%emt
00:00:32]} 29. Qxb8+ {[%clk 01:10:47]} {[%emt 00:00:04]} Kh7 {[%clk 01:25:27]}
{[%emt 00:00:14]} 30. Qxd6 {[%clk 01:10:16]} {[%emt 00:01:00]} Qxc2 {[%emt
00:00:38]} 31. Kh2 {[%clk 01:10:00]} {[%emt 00:00:44]} Qa4 {[%clk 01:25:20]}
{[%emt 00:00:31]} 32. Qb4 {[%clk 01:08:09]} {[%emt 00:02:21]} Qd7 {[%clk
01:24:25]} {[%emt 00:01:25]} 33. d6 {[%clk 01:08:06]} {[%emt 00:00:33]} Nf8
{[%clk 01:22:51]} {[%emt 00:02:02]} 34. Qc4 {[%clk 01:08:08]} {[%emt 00:00:30]}
a5 {[%clk 01:22:49]} {[%emt 00:00:33]} 35. Nd2 {[%clk 01:05:56]} {[%emt
00:02:41]} Qa7 {[%clk 01:21:40]} {[%emt 00:01:39]} 36. Qc7 {[%clk 01:04:01]}
{[%emt 00:02:25]} Qd4 {[%clk 01:21:09]} {[%emt 00:01:00]} 37. Qxa5 {[%clk
01:04:18]} {[%emt 00:00:14]} Ne6 {[%clk 01:20:40]} {[%emt 00:00:56]} 38. Nf3
{[%clk 01:03:17]} {[%emt 00:01:34]} Qd3 {[%clk 01:20:05]} {[%emt 00:01:03]} 39.
a4 {[%clk 01:02:02]} {[%emt 00:01:46]} Bd8 {[%clk 01:20:12]} {[%emt 00:00:21]}
40. Qa7 {[%clk 00:58:58]} {[%emt 00:03:36]} f5 {[%clk 01:18:45]} {[%emt
00:01:56]} 41. Qd7 {[%clk 00:56:15]} {[%emt 00:03:15]} Qe4 {[%clk 01:18:21]}
{[%emt 00:00:51]} 42. Be5 {[%clk 00:56:08]} {[%emt 00:00:40]} Qd5 {[%clk
01:17:52]} {[%emt 00:00:59]} 43. Bxg7 {[%clk 00:55:55]} {[%emt 00:00:43]} Nxg7
{[%clk 01:15:37]} {[%emt 00:02:45]} 44. Qxd8 {[%clk 00:56:14]} {[%emt
00:00:12]} Ne6 {[%clk 01:15:42]} {[%emt 00:00:23]} 45. Qe7+ {[%clk 00:56:27]}
{[%emt 00:00:18]} Kg6 {[%clk 01:15:30]} {[%emt 00:00:40]} 46. Nh4+ {[%clk
00:54:01]} {[%emt 00:02:57]} Kh5 {[%clk 01:15:21]} {[%emt 00:00:40]} 47. Nxf5
{[%clk 00:53:57]} {[%emt 00:00:34]} Qe5+ {[%clk 01:14:51]} {[%emt 00:01:00]} 48.
Ng3+ {[%clk 00:54:20]} {[%emt 00:00:06]} Kg6 {[%clk 01:14:57]} {[%emt
00:00:22]} 49. d7 {[%clk 00:53:35]} {[%emt 00:01:18]} Qd5 {[%clk 01:15:01]}
{[%emt 00:00:26]} 50. Qxe6+ {[%clk 00:53:43]} {[%emt 00:00:22]} Qxe6 {[%clk
01:15:15]} {[%emt 00:00:15]} 51. d8=Q {[%clk 00:53:30]} {[%emt 00:00:44]} Qe5
{[%clk 01:14:57]} {[%emt 00:00:45]} 52. Qg8+ {[%clk 00:53:49]} {[%emt
00:00:13]} Kf6 {[%clk 01:14:46]} {[%emt 00:00:41]} 53. Qh8+ {[%clk 00:54:12]}
{[%emt 00:00:08]} Ke6 {[%clk 01:15:04]} {[%emt 00:00:12]} 54. Qxh6+ {[%clk
00:54:31]} {[%emt 00:00:11]} Kf7 {[%clk 01:15:03]} {[%emt 00:00:31]} 55. Qh5+
{[%clk 00:54:50]} {[%emt 00:00:10]} Qxh5 {[%clk 01:15:21]} {[%emt 00:00:12]} 56.
Nxh5 {[%clk 00:55:16]} {[%emt 00:00:05]} Ke7 {[%clk 01:15:06]} {[%emt
00:00:45]} 57. g4 {[%clk 00:55:31]} {[%emt 00:00:15]} Kd7 {[%clk 01:15:17]}
{[%emt 00:00:19]} 58. g5 {[%clk 00:55:54]} {[%emt 00:00:06]} Kc6 {[%clk
01:15:41]} {[%emt 00:00:07]} 59. g6 {[%clk 00:56:19]} {[%emt 00:00:05]} Kc5
{[%clk 01:15:46]} {[%emt 00:00:24]} 60. g7 {[%clk 00:56:43]} {[%emt 00:00:06]}
Kb4 {[%clk 01:16:07]} {[%emt 00:00:09]} 61. g8=Q {[%clk 00:57:06]} {[%emt
00:00:07]} Kxa4 {[%clk 01:16:27]} {[%emt 00:00:11]} 62. Qb8 {[%clk 00:57:28]}
{[%emt 00:00:08]}   1-0

[Event "U-20 Pan-American Chess Championship Absolute 2022"]
[Site "(Pereira - Risaralda) Gran Hotel. Calle 19 # 9-19"]
[Date "2022.08.24"]
[Round "4"]
[Board "1"]
[White "Rojas Salas, Steven"]
[Black "Flores Quillas, Diego Saul Rodri"]
[Result "1/2-1/2"]
[WhiteElo "2199"]
[BlackElo "2200"]
[PlyCount "47"]
[EventDate "2022.08.23"]
[EventRounds "9"]
[EventCountry "COL"]

1. d4 Nf6 2. c4 e6 3. Nc3 Bb4 4. e3 O-O 5. Bd3 d5 6. a3 Bxc3+ 7. bxc3 c5 8.
cxd5 exd5 9. Ne2 b6 10. O-O Ba6 11. f3 Bxd3 12. Qxd3 Nbd7 13. Ng3 Re8 14. Bb2
h5 15. Rae1 g6 16. e4 h4 17. Nh1 cxd4 18. cxd4 Nh5 19. e5 Nf8 20. Bc1 Rc8 21.
f4 f5 22. g4 hxg3 23. hxg3 Qc7 24. g4   1/2-1/2

[Event "U-20 Pan-American Chess Championship Absolute 2022"]
[Site "(Pereira - Risaralda) Gran Hotel. Calle 19 # 9-19"]
[Date "2022.08.24"]
[Round "4"]
[Board "2"]
[White "Esmeraldas Huachi, Anderson"]
[Black "Garcia De Dios, Jose Antonio"]
[Result "1-0"]
[WhiteElo "2081"]
[BlackElo "2135"]
[PlyCount "85"]
[EventDate "2022.08.23"]
[EventRounds "9"]
[EventCountry "COL"]

1. d4 Nf6 2. c4 e6 3. Nf3 b6 4. g3 Bb7 5. Bg2 Be7 6. O-O O-O 7. Nc3 Ne4 8. Qc2
Nxc3 9. Qxc3 Be4 10. Ne1 Bxg2 11. Nxg2 d6 12. e4 Nd7 13. Qc2 c5 14. d5 exd5 15.
cxd5 b5 16. Bd2 c4 17. Kh1 Bf6 18. Bc3 Nc5 19. Rae1 Re8 20. Re2 Rc8 21. f4 Bxc3
22. bxc3 Rc7 23. f5 Rce7 24. Rf4 Re5 25. Ne1 Qe7 26. Nf3 Nxe4 27. Nxe5 Nf6 28.
Rf1 dxe5 29. Rd1 Qb7 30. h3 h5 31. Kh2 e4 32. Qd2 Re5 33. Qf4 Rxd5 34. Rxd5
Qxd5 35. Rd2 Qc5 36. g4 hxg4 37. hxg4 Qe7 38. g5 Nh7 39. f6 gxf6 40. gxf6 Nxf6
41. Qg5+ Kf8 42. Qh6+ Ke8 43. Qh8+   1-0

[Event "U-20 Pan-American Chess Championship Absolute 2022"]
[Site "(Pereira - Risaralda) Gran Hotel. Calle 19 # 9-19"]
[Date "2022.08.24"]
[Round "4"]
[Board "4"]
[White "Escalona Landi, Samid Eduardo"]
[Black "Ramirez Madrid, Gerardo Alfonso"]
[Result "1-0"]
[WhiteElo "2191"]
[BlackElo "1967"]
[PlyCount "75"]
[EventDate "2022.08.23"]
[EventRounds "9"]
[EventCountry "COL"]

1. d4 Nf6 2. Bg5 d5 3. e3 c5 4. c3 e6 5. Nd2 Be7 6. Bd3 Nc6 7. Ngf3 h6 8. Bh4
O-O 9. Qe2 a6 10. dxc5 e5 11. Bxf6 Bxf6 12. e4 d4 13. cxd4 exd4 14. O-O Re8 15.
h3 Be6 16. a3 a5 17. b3 Be7 18. Rfc1 Rc8 19. Rab1 b6 20. b4 axb4 21. axb4 bxc5
22. bxc5 Na5 23. Bb5 Bd7 24. Bxd7 Qxd7 25. Qb5 Qc7 26. Ra1 Nc6 27. Ra6 Nb8 28.
Rb6 Bxc5 29. Rxb8 Rxb8 30. Qxc5 Qf4 31. g3 Qf6 32. Qxd4 Qe7 33. Kg2 Rb7 34. Rc5
Rd7 35. Rd5 Red8 36. Nc4 Qe6 37. Ne3 Rd6 38. Nf5   1-0

[Event "U-20 Pan-American Chess Championship Absolute 2022"]
[Site "(Pereira - Risaralda) Gran Hotel. Calle 19 # 9-19"]
[Date "2022.08.24"]
[Round "4"]
[Board "6"]
[White "Puerta Rendon, Jacobo"]
[Black "Londono Lopez, Donaldo"]
[Result "1-0"]
[WhiteElo "1662"]
[BlackElo "2044"]
[PlyCount "103"]
[EventDate "2022.08.23"]
[EventRounds "9"]
[EventCountry "COL"]

1. e4 c5 2. Nf3 d6 3. Bb5+ Nc6 4. O-O Bd7 5. Re1 Nf6 6. Nc3 a6 7. Bf1 Bg4 8.
Be2 e6 9. d3 Be7 10. h3 Bh5 11. e5 dxe5 12. Nxe5 Bxe2 13. Qxe2 Nd4 14. Qd1 O-O
15. Ne4 Rc8 16. c3 Nc6 17. Nxc6 Rxc6 18. Be3 Qd5 19. Ng3 Rd8 20. d4 Qc4 21. Qe2
Qxe2 22. Rxe2 Nd5 23. Rd1 f5 24. c4 Nb6 25. b3 g5 26. Red2 f4 27. dxc5 Rxd2 28.
Bxd2 Nxc4 29. Ne4 Nxd2 30. Rxd2 Rc7 31. b4 Kf7 32. Nd6+ Kf8 33. Re2 Bxd6 34.
cxd6 Rc1+ 35. Kh2 Kf7 36. Re5 h6 37. Rc5 Rxc5 38. bxc5 e5 39. f3 Ke6 40. h4 b5
41. cxb6 Kxd6 42. hxg5 hxg5 43. Kh3 Kc6 44. Kg4 Kxb6 45. Kf5 Kc5 46. Kxe5 Kb4
47. Kf5 Ka3 48. Kxg5 Kxa2 49. Kxf4 a5 50. g4 a4 51. g5 a3 52. g6   1-0

[Event "U-20 Pan-American Chess Championship Absolute 2022"]
[Site "(Pereira - Risaralda) Gran Hotel. Calle 19 # 9-19"]
[Date "2022.08.24"]
[Round "4"]
[Board "7"]
[White "Mora Munoz, Alejandro"]
[Black "Garzon Zapatanga, Christopher Leonel"]
[Result "0-1"]
[WhiteElo "1973"]
[BlackElo "1911"]
[PlyCount "68"]
[EventDate "2022.08.23"]
[EventRounds "9"]
[EventCountry "COL"]

1. e4 c5 2. Nf3 d6 3. d4 cxd4 4. Nxd4 Nf6 5. Nc3 a6 6. f3 e5 7. Nb3 Be6 8. Be3
Be7 9. Qd2 Nbd7 10. g4 b5 11. g5 b4 12. Ne2 Nh5 13. Ng3 Nxg3 14. hxg3 a5 15. f4
Qc7 16. Qe2 Rc8 17. Rh2 a4 18. Nc1 Bc4 19. Qf3 Bxf1 20. Qxf1 Qc4 21. Qd3 O-O
22. b3 Qc6 23. f5 Nc5 24. Bxc5 Qxc5 25. Rf2 Bxg5 26. bxa4 Qa7 27. Ne2 Qxa4 28.
Qb3 Qc6 29. Qxb4 d5 30. exd5 Qxd5 31. Rd1 Qxa2 32. c3 Rfd8 33. Rb1 Qa8 34. Qb7
Rb8   0-1

[Event "U-20 Pan-American Chess Championship Absolute 2022"]
[Site "(Pereira - Risaralda) Gran Hotel. Calle 19 # 9-19"]
[Date "2022.08.24"]
[Round "4"]
[Board "8"]
[White "Avila Rodriguez, Joshua Ad"]
[Black "Loaiza Cuervo, Santiago"]
[Result "1-0"]
[WhiteElo "2215"]
[BlackElo "2082"]
[PlyCount "105"]
[EventDate "2022.08.23"]
[EventRounds "9"]
[EventCountry "COL"]

1. e4 c5 2. Nf3 d6 3. d4 cxd4 4. Nxd4 Nf6 5. Nc3 a6 6. Bg5 Nbd7 7. Bc4 Qb6 8.
Bb3 e6 9. Bxf6 Nxf6 10. Qd2 Be7 11. O-O-O Qc7 12. f4 b5 13. a3 Bb7 14. Rhe1 O-O
15. Bxe6 fxe6 16. Nxe6 Qa5 17. Nxf8 Rxf8 18. Kb1 Rc8 19. Re3 Qc7 20. h3 Bf8 21.
g4 d5 22. Nxd5 Nxd5 23. exd5 Qxf4 24. Re6 Qxd2 25. Rxd2 Rd8 26. b3 Bxa3 27. c4
Bd6 28. Rde2 Kf7 29. Rf2+ Kg8 30. Rfe2 Kf7 31. Rf2+ Kg8 32. Kc2 Bc8 33. Re4 Bd7
34. Kd3 a5 35. Rc2 Rc8 36. Ra2 a4 37. bxa4 bxa4 38. Ree2 a3 39. Re1 Rb8 40. Kd4
Ba4 41. Re6 Rb2 42. Ra1 Bb4 43. Ra6 Bb3 44. R1xa3 Bxa3 45. Rxa3 Ba2 46. d6 Kf7
47. Ra7+ Ke6 48. d7 Ke7 49. c5 Be6 50. c6 Rc2 51. Ra8 Rd2+ 52. Ke3 Rd6 53. Re8+
  1-0

[Event "U-20 Pan-American Chess Championship Absolute 2022"]
[Site "(Pereira - Risaralda) Gran Hotel. Calle 19 # 9-19"]
[Date "2022.08.24"]
[Round "4"]
[Board "9"]
[White "Mendez Machado, Andre"]
[Black "Cabezas Solano, David Alejandro"]
[Result "0-1"]
[WhiteElo "1995"]
[BlackElo "2196"]
[PlyCount "64"]
[EventDate "2022.08.23"]
[EventRounds "9"]
[EventCountry "COL"]

1. e4 c5 2. Nc3 Nc6 3. Bb5 Nd4 4. Nf3 a6 5. Bd3 Nc6 6. O-O g6 7. e5 Bg7 8. Re1
f6 9. Be4 fxe5 10. Bxc6 bxc6 11. Nxe5 Qc7 12. Nf3 Nf6 13. b3 d6 14. Bb2 O-O 15.
d4 cxd4 16. Qxd4 e5 17. Qh4 Bf5 18. Na4 Nh5 19. Qc4+ Kh8 20. Rad1 Nf4 21. Qb4
Rad8 22. Qb6 Qc8 23. Nh4 Bxc2 24. Rd2 Bd3 25. g3 Nh3+ 26. Kg2 g5 27. Rxd3 Rxf2+
28. Kh1 gxh4 29. g4 c5 30. Nxc5 Rxb2 31. Ne4 Rf8 32. Nxd6 Qa8+   0-1

[Event "U-20 Pan-American Chess Championship Absolute 2022"]
[Site "(Pereira - Risaralda) Gran Hotel. Calle 19 # 9-19"]
[Date "2022.08.24"]
[Round "4"]
[Board "10"]
[White "Tobar B, Jorge Esteban"]
[Black "Castro Silva, Moises Antonio"]
[Result "0-1"]
[WhiteElo "1929"]
[BlackElo "2169"]
[PlyCount "68"]
[EventDate "2022.08.23"]
[EventRounds "9"]
[EventCountry "COL"]

1. d4 Nf6 2. Bg5 d5 3. Bxf6 exf6 4. e3 Bd6 5. g3 c6 6. Bg2 h5 7. Ne2 h4 8. Nd2
Bg4 9. f3 Be6 10. Nf4 hxg3 11. hxg3 Rxh1+ 12. Bxh1 Qc7 13. Nf1 Nd7 14. Qd3
O-O-O 15. O-O-O Rh8 16. Bg2 Nb6 17. Nd2 Bd7 18. Rh1 Qd8 19. Qf1 g5 20. Ne2 Re8
21. e4 c5 22. f4 cxd4 23. Nxd4 gxf4 24. gxf4 Qc7 25. Nb5 Bxb5 26. Qxb5 Rg8 27.
Bh3+ Kb8 28. e5 fxe5 29. fxe5 Bxe5 30. Kb1 a6 31. Qd3 Rg3 32. Qf5 Na4 33. Qf2
Nc3+ 34. Ka1 Qa5   0-1

[Event "U-20 Pan-American Chess Championship Absolute 2022"]
[Site "(Pereira - Risaralda) Gran Hotel. Calle 19 # 9-19"]
[Date "2022.08.24"]
[Round "4"]
[Board "11"]
[White "Picasso Periche, Luis Willian Alberto"]
[Black "Cardenas Encalada, David Josue"]
[Result "0-1"]
[WhiteElo "1226"]
[BlackElo "1669"]
[PlyCount "96"]
[EventDate "2022.08.23"]
[EventRounds "9"]
[EventCountry "COL"]

1. e4 c5 2. Nf3 d6 3. Nc3 a6 4. d4 cxd4 5. Nxd4 Nf6 6. Be2 e6 7. Bg5 Be7 8. O-O
Qc7 9. Qd3 Nc6 10. Nxc6 bxc6 11. Rad1 d5 12. f4 h6 13. Bxf6 Bxf6 14. e5 Be7 15.
Qg3 O-O 16. Bd3 Kh8 17. b3 f5 18. exf6 Rxf6 19. Nb1 Bd6 20. Qh4 Bb7 21. f5 e5
22. Be2 Raf8 23. Bg4 Bc8 24. Qh3 Qf7 25. Bh5 g6 26. Be2 gxf5 27. Nd2 e4 28. Qc3
Qg7 29. Kh1 c5 30. Qb2 Bb7 31. b4 cxb4 32. c3 bxc3 33. Qxc3 f4 34. Rb1 Ba8 35.
Rb3 Bb8 36. Rfb1 Ba7 37. Qe5 Rg8 38. Bf1 f3 39. g3 e3 40. Rb7 Bxb7 41. Rxb7
Qxb7 42. Qxf6+ Qg7 43. Qxg7+ Kxg7 44. Nxf3 Rb8 45. Bxa6 Rb2 46. Ng1 Rb1 47. Kg2
Rxg1+ 48. Kxg1 e2+   0-1

[Event "U-20 Pan-American Chess Championship Absolute 2022"]
[Site "(Pereira - Risaralda) Gran Hotel. Calle 19 # 9-19"]
[Date "2022.08.24"]
[Round "4"]
[Board "12"]
[White "Quiroga Jaquez, Angel Ivan"]
[Black "Fascio Outerbridge, Arno Augusto"]
[Result "1/2-1/2"]
[WhiteElo "2151"]
[BlackElo "1602"]
[PlyCount "104"]
[EventDate "2022.08.23"]
[EventRounds "9"]
[EventCountry "COL"]

1. Nf3 Nf6 2. b3 d5 3. Bb2 e6 4. e3 Be7 5. d4 b6 6. Bb5+ c6 7. Bd3 Nbd7 8. Nbd2
Bb7 9. O-O c5 10. dxc5 Nxc5 11. Bb5+ Ncd7 12. c4 O-O 13. cxd5 Nxd5 14. Nd4 Ne5
15. N2f3 Nxf3+ 16. Qxf3 Bf6 17. Rfd1 Qe7 18. Qh3 a6 19. Bd3 g6 20. Rac1 Rac8
21. a3 Bg7 22. b4 b5 23. Ba1 Rxc1 24. Rxc1 Rc8 25. Rxc8+ Bxc8 26. Qf3 Qc7 27.
Qd1 Bb7 28. h3 Nb6 29. Nb3 Bxa1 30. Qxa1 Qc6 31. f3 Qd6 32. Nc5 Bc6 33. Qc3 Nd5
34. Qc1 Nc7 35. Kf2 h5 36. Qc3 Nd5 37. Qd4 e5 38. Qb2 Nc7 39. Be4 Bxe4 40. Nxe4
Qe7 41. Qc3 f5 42. Nc5 Qd6 43. Nd3 e4 44. fxe4 fxe4 45. Nf4 Kf7 46. Qc2 Qe5 47.
Qc6 Ne6 48. Qd7+ Kf6 49. Nd5+ Kg5 50. Qe7+ Kh6 51. Nf6 Qb2+ 52. Kg1 Qa1+
  1/2-1/2

[Event "U-20 Pan-American Chess Championship Absolute 2022"]
[Site "(Pereira - Risaralda) Gran Hotel. Calle 19 # 9-19"]
[Date "2022.08.24"]
[Round "4"]
[Board "15"]
[White "Bosquez Leguisamo, Joel Alexander"]
[Black "Gonzalez Mojica, Renan Arturo"]
[Result "0-1"]
[WhiteElo "1296"]
[BlackElo "1970"]
[PlyCount "78"]
[EventDate "2022.08.23"]
[EventRounds "9"]
[EventCountry "COL"]

1. d4 Nf6 2. c4 c5 3. Nf3 cxd4 4. Nxd4 g6 5. Nc3 Bg7 6. Bg5 Nc6 7. e3 Qa5 8.
Bh4 Ne4 9. Qd3 Nxc3 10. bxc3 O-O 11. Be2 e5 12. Nxc6 dxc6 13. O-O Be6 14. Be7
Rfe8 15. Bb4 Qb6 16. c5 Qc7 17. Qd6 Qb8 18. c4 e4 19. Rad1 a5 20. Ba3 Rd8 21.
Qe7 Re8 22. Qd6 Bf8 23. Qxb8 Raxb8 24. Rd4 f5 25. Rb1 b6 26. f3 bxc5 27. Rdd1
exf3 28. gxf3 Kf7 29. Kf2 Be7 30. f4 Red8 31. Rxb8 Rxb8 32. Kg3 Ke8 33. Bf3
Bxc4 34. Bxc6+ Kf8 35. Ra1 Rc8 36. Ba4 Be6 37. Kf2 Rd8 38. Ke2 Bc4+ 39. Ke1
Bh4#   0-1

[Event "U-20 Pan-American Chess Championship Absolute 2022"]
[Site "(Pereira - Risaralda) Gran Hotel. Calle 19 # 9-19"]
[Date "2022.08.25"]
[Round "5"]
[Board "1"]
[White "Flores Quillas, Diego Saul Rodri"]
[Black "Esmeraldas Huachi, Anderson"]
[Result "1-0"]
[WhiteElo "2200"]
[BlackElo "2081"]
[PlyCount "69"]
[EventDate "2022.08.23"]
[EventRounds "9"]
[EventCountry "COL"]

1. e4 c5 2. Nf3 d6 3. d4 cxd4 4. Nxd4 Nf6 5. Nc3 a6 6. h3 e5 7. Nde2 h5 8. Bg5
Nbd7 9. Nd5 b5 10. Nec3 Bb7 11. a4 b4 12. Bxf6 Nxf6 13. Nxf6+ Qxf6 14. Nd5 Qd8
15. Bc4 Rc8 16. Qd3 Qa5 17. O-O Bxd5 18. Bxd5 Be7 19. Bb7 Rc7 20. Bxa6 O-O 21.
Bc4 g6 22. b3 Kg7 23. Rad1 Qb6 24. Kh1 Rc5 25. Qe2 Bg5 26. Rd3 Qc6 27. Rfd1 Be7
28. Rd5 f5 29. exf5 Rxf5 30. a5 Rxd5 31. Bxd5 Qc5 32. a6 Rxf2 33. Qc4 Qa7 34.
Qc8 Bg5 35. Qg8+   1-0

[Event "U-20 Pan-American Chess Championship Absolute 2022"]
[Site "(Pereira - Risaralda) Gran Hotel. Calle 19 # 9-19"]
[Date "2022.08.25"]
[Round "5"]
[Board "2"]
[White "Lu, Maximillian"]
[Black "Vasquez Vargas, Henry Richard"]
[Result "1/2-1/2"]
[WhiteElo "2442"]
[BlackElo "2130"]
[PlyCount "73"]
[EventDate "2022.08.23"]
[EventRounds "9"]
[EventCountry "COL"]

1. d4 Nf6 2. c4 e6 3. g3 Bb4+ 4. Bd2 Be7 5. Bg2 d5 6. Nf3 O-O 7. O-O c6 8. Qc2
Nbd7 9. Rd1 b6 10. Ne5 Bb7 11. Bc3 Rc8 12. Nd2 c5 13. Nxd7 Qxd7 14. dxc5 bxc5
15. cxd5 exd5 16. Ne4 d4 17. e3 Nxe4 18. Bxe4 Bxe4 19. Qxe4 Bf6 20. b3 Rfd8 21.
Bb2 Qe6 22. Qxe6 fxe6 23. exd4 cxd4 24. Rac1 Kf7 25. Kg2 Rxc1 26. Rxc1 Rd5 27.
f4 e5 28. Kf3 exf4 29. gxf4 d3 30. Bxf6 d2 31. Rd1 Kxf6 32. Ke4 Rd7 33. b4 Re7+
34. Kf3 Rd7 35. Ke4 Re7+ 36. Kf3 Rd7 37. Ke4   1/2-1/2

[Event "U-20 Pan-American Chess Championship Absolute 2022"]
[Site "(Pereira - Risaralda) Gran Hotel. Calle 19 # 9-19"]
[Date "2022.08.25"]
[Round "5"]
[Board "3"]
[White "Garzon Zapatanga, Christopher Leonel"]
[Black "Rojas Salas, Steven"]
[Result "1/2-1/2"]
[WhiteElo "1911"]
[BlackElo "2199"]
[PlyCount "53"]
[EventDate "2022.08.23"]
[EventRounds "9"]
[EventCountry "COL"]

1. e4 c5 2. Nf3 e6 3. d4 cxd4 4. Nxd4 a6 5. Nc3 b5 6. Bd3 Bb7 7. O-O Nc6 8. Nb3
Nf6 9. Qe2 Ne5 10. f4 Nxd3 11. cxd3 b4 12. Nd1 a5 13. Be3 a4 14. Nd4 Bc5 15.
Rc1 d6 16. Nf3 Ba6 17. Nf2 Nd7 18. Bxc5 Nxc5 19. Qe3 O-O 20. Rfd1 Rc8 21. d4
Nb7 22. d5 exd5 23. Rxd5 Rxc1+ 24. Qxc1 Qc8 25. Qd1 Qc4 26. Rd4 Qxa2 27. Rxb4
  1/2-1/2

[Event "U-20 Pan-American Chess Championship Absolute 2022"]
[Site "(Pereira - Risaralda) Gran Hotel. Calle 19 # 9-19"]
[Date "2022.08.25"]
[Round "5"]
[Board "4"]
[White "Puerta Rendon, Jacobo"]
[Black "Escalona Landi, Samid Eduardo"]
[Result "0-1"]
[WhiteElo "1662"]
[BlackElo "2191"]
[PlyCount "56"]
[EventDate "2022.08.23"]
[EventRounds "9"]
[EventCountry "COL"]

1. e4 c5 2. Nf3 Nc6 3. Bb5 g6 4. O-O Bg7 5. c3 Nf6 6. Re1 O-O 7. h3 e5 8. Na3
d6 9. Bxc6 bxc6 10. d4 cxd4 11. cxd4 exd4 12. Qxd4 d5 13. exd5 Nxd5 14. Ne5 Re8
15. Nac4 Ba6 16. f4 Qh4 17. Qf2 Qxf2+ 18. Kxf2 f6 19. Nd6 fxe5 20. Nxe8 Rxe8
21. fxe5 Bxe5 22. Bd2 Rf8+ 23. Kg1 Bxb2 24. Rab1 Bd4+ 25. Kh1 Kf7 26. Rec1 c5
27. Rb3 Kg7 28. Ra3 Bb2   0-1

[Event "U-20 Pan-American Chess Championship Absolute 2022"]
[Site "(Pereira - Risaralda) Gran Hotel. Calle 19 # 9-19"]
[Date "2022.08.25"]
[Round "5"]
[Board "5"]
[White "Garcia De Dios, Jose Antonio"]
[Black "Avila Rodriguez, Joshua Ad"]
[Result "1/2-1/2"]
[WhiteElo "2135"]
[BlackElo "2215"]
[PlyCount "50"]
[EventDate "2022.08.23"]
[EventRounds "9"]
[EventCountry "COL"]

1. d4 Nf6 2. c4 e6 3. g3 d5 4. Bg2 dxc4 5. Nf3 c5 6. O-O Nc6 7. Qa4 Bd7 8. Qxc4
b5 9. Qd3 c4 10. Qc2 Rc8 11. e4 Be7 12. Qe2 O-O 13. Nc3 b4 14. Nb1 Na5 15. Bf4
Bb5 16. a3 Nb3 17. Ra2 a5 18. axb4 axb4 19. Rd1 Qb6 20. d5 Bc5 21. h3 c3 22.
Qc2 Bxf2+ 23. Kh2 Na5 24. bxc3 b3 25. Qxf2 bxa2   1/2-1/2

[Event "U-20 Pan-American Chess Championship Absolute 2022"]
[Site "(Pereira - Risaralda) Gran Hotel. Calle 19 # 9-19"]
[Date "2022.08.25"]
[Round "5"]
[Board "6"]
[White "Cabezas Solano, David Alejandro"]
[Black "Wong Pages, Juan"]
[Result "1/2-1/2"]
[WhiteElo "2196"]
[BlackElo "2008"]
[PlyCount "78"]
[EventDate "2022.08.23"]
[EventRounds "9"]
[EventCountry "COL"]

1. d4 Nf6 2. Nf3 g6 3. g3 Bg7 4. Bg2 O-O 5. O-O d5 6. c4 dxc4 7. Na3 c5 8. Nxc4
cxd4 9. Nxd4 Ng4 10. Nb5 Bd7 11. Qb3 Nc6 12. Rd1 Qc8 13. Qa3 Nd8 14. Nc3 Be6
15. Ne3 Nc6 16. Ned5 Re8 17. Bf4 Bxd5 18. Bxd5 e5 19. Bd2 Qf5 20. Rf1 Nd4 21.
Be4 Qh5 22. h4 Rad8 23. Rad1 Nf6 24. Bxb7 Nxe2+ 25. Nxe2 Qxe2 26. Bf3 Qb5 27.
Bc3 e4 28. Rxd8 Rxd8 29. Bg2 Qb8 30. Re1 e3 31. Rxe3 Ng4 32. Re1 Qb6 33. Rf1
Rd3 34. Qa4 Bxc3 35. bxc3 h5 36. Qf4 Rxc3 37. Bd5 Nf6 38. Bb3 Kg7 39. Re1 Qc7
  1/2-1/2